|
|
|
|
| LEADER |
01435nam a2200241 a 4500 |
| 008 |
090709s1938 enk b 001 0 eng d |
| 082 |
0 |
0 |
|a 821.082
|
| 100 |
1 |
|
|a Brooks, Cleanth,
|d 1906-1994.
|
| 245 |
1 |
0 |
|a Understanding poetry :
|b an anthology for college students /
|c Cleanth Brooks and Robert Penn Warren.
|
| 260 |
|
|
|a New York :
|b Holt,
|c 1938
|
| 300 |
|
|
|a xxiv, 678 p.
|c 22 cm.
|
| 504 |
|
|
|a Includes bibliographical references and index.
|
| 541 |
1 |
|
|e 00009259
|
| 650 |
|
0 |
|a English poetry.
|
| 650 |
|
0 |
|a American poetry
|x Collected works.
|
| 700 |
1 |
|
|a Warren, Robert Penn,
|d 1905-1989.
|
| 852 |
4 |
|
|a Ayesha Abed Library
|j General shelf
|
| 942 |
0 |
0 |
|0 3
|
| 999 |
|
|
|c 2274
|d 2274
|
| 952 |
|
|
|0 0
|1 0
|2 ddc
|4 1
|6 821_082000000000000_BRO_1946
|7 0
|9 2098
|a BRACUL
|b BRACUL
|c SPS
|d 2009-07-12
|g 0.00
|l 5
|m 42
|o 821.082 BRO
|p 3010009259
|r 2017-10-29
|s 2017-09-10
|t 1
|w 2009-07-12
|y BK
|x No price found in the accession register.
|
| 952 |
|
|
|0 0
|1 0
|2 ddc
|4 1
|6 821_082000000000000_BRO
|7 0
|9 6568
|a BRACUL
|b BRACUL
|c SPS
|d 2009-12-29
|g 170.00
|l 6
|m 37
|o 821.082 BRO
|p 3010013530
|r 2017-06-21
|s 2017-05-07
|t 2
|v 340.00
|w 2009-12-29
|y BK
|
| 952 |
|
|
|0 0
|1 0
|2 ddc
|4 1
|6 821_082000000000000_BRO
|7 0
|9 6616
|a BRACUL
|b BRACUL
|c SPS
|d 2009-12-30
|g 170.00
|l 3
|m 21
|o 821.082 BRO
|p 3010013529
|r 2016-12-11
|s 2016-08-31
|t 3
|v 340.00
|w 2009-12-30
|y BK
|
| 952 |
|
|
|0 0
|1 0
|2 ddc
|4 1
|6 821_082000000000000_BRO
|7 0
|9 11215
|a BRACUL
|b BRACUL
|c SPS
|d 2010-06-23
|g 170.00
|l 5
|m 23
|o 821.082 BRO
|p 3010013531
|r 2017-09-11
|s 2017-04-17
|t 4
|w 2010-06-23
|y BK
|